000
00321nam a22001457a 4500
003
SGT
020
_a
9788121909266
082
_a
153.9AGG
100
_a
AGGARWAL, R.S.
245
_a
QUANTITATIVE APTITUDE
260
_a
NEW DELHI
_b
S. CHAND
_c
2002
300
_a
582
650
_a
QUANTITATIVE APTITUDE
942
_2
ddc
_c
BK
999
_c
10314
_d
10314